Business communication (Record no. 668)

MARC details
000 -LEADER
Fixed length control field 00486nam a2200181 4500
003 - CONTROL NUMBER IDENTIFIER
Control field SEACOMMC
005 - DATE AND TIME OF LATEST TRANSACTION
Control field 20241021124000.0
008 - FIXED-LENGTH DATA ELEMENTS--GENERAL INFORMATION
Fixed length control field 241021b |||||||| |||| 00| 0 eng d
020 ## - INTERNATIONAL STANDARD BOOK NUMBER / ISBN
International Standard Book Number 9789350971413
Price Rs.175.00
040 ## - CATALOGING SOURCE
Original cataloging agency SEACOMMC
082 ## - DEWEY DECIMAL CLASSIFICATION NUMBER
Classification number 428.2
Book Number R 149
100 ## - MAIN ENTRY--PERSONAL NAME
Personal name Rai, Urmila
245 1# - TITLE STATEMENT
Title Business communication
Statement of responsibility Urmila Rai & S.M Rai
250 ## - EDITION STATEMENT
Edition statement 9th rev.ed.
260 ## - IMPRINT
Place of publication Mumbai
Name of publisher Himalaya Publishing House
Date of publication 2007
650 ## - SUBJECT ADDED ENTRY--TOPICAL TERM
Topical term Business communication
942 ## - ADDED ENTRY ELEMENTS (KOHA)
Koha item type Books
Holdings
Withdrawn status Lost status Source of classification Damaged status Not for loan Home library Current library Shelving location Date acquired Total Checkouts Call number Accession number Date last seen Price effective from Koha item type Copy number Date checked out
    Dewey Decimal Classification     SEACOM MANAGEMENT COLLEGE SEACOM MANAGEMENT COLLEGE Reference 13/10/2007   428.2 R 149 M-542 21/10/2024 21/10/2024 Books    
    Dewey Decimal Classification     SEACOM MANAGEMENT COLLEGE SEACOM MANAGEMENT COLLEGE   13/10/2007   428.2 R 149 M-543 21/10/2024 21/10/2024 Books 1  
    Dewey Decimal Classification     SEACOM MANAGEMENT COLLEGE SEACOM MANAGEMENT COLLEGE   13/10/2007   428.2 R 149 M-544 21/10/2024 21/10/2024 Books 2  
    Dewey Decimal Classification     SEACOM MANAGEMENT COLLEGE SEACOM MANAGEMENT COLLEGE   13/10/2007   428.2 R 149 M-545 21/10/2024 21/10/2024 Books 3  
    Dewey Decimal Classification     SEACOM MANAGEMENT COLLEGE SEACOM MANAGEMENT COLLEGE   13/10/2007 1 428.2 R 149 M-546 06/11/2025 21/10/2024 Books 4 05/11/2025
© Seacom Engineering College, All rights reserved.    Powered by Koha